000
00306pam a2200133 a 4500
020
_c
041
_h
082
_a
750
_b
GOP
100
_a
R. C.Gupta .
245
_a
Indian Modern Art in Twentieth Century
_h
Textual Documents
260
_a
[s.l]:
_b
R. C.Gupta
300
_a
235:
_b
paper.
930
_a
7168
999
_c
240958
_d
240958